000 01055nam a2200241 a 4500
001 001180094
003 AM-YeHGA
005 20250617152713.0
008 161005s2014 ||| r 000 0 rus d
020 _a9789943381834
040 _aAM-YeHGA
041 0 _arus
245 0 0 _aТолерантность в контексте углубления реформационных процессов в Узбекистане /
_cКадырова З.Р., Хакимов Н.Х., Шарипов А.Д., Алиева В.Р.; Нац. ун-т Узбекистана им. Мирзо Улугбека.
260 _aТашкент :
_bНац. ун-т Узбекистана,
_c2014.
300 _a308 c.
653 0 _aГосударство, власть, политика
700 1 _aКадырова З.Р.
700 1 _aХакимов Н.Х.
700 1 _aШарипов А.Д.
700 1 _aАлиева В.Р.
710 2 _aНацональный университет Узбекистана им. Мирзо Улугбека
090 _c378082
999 _c376172
_d376172